000 00700nam a2200241Ia 4500
003 OSt
005 20220926020712.0
006 a|||||r|||| 00| 0
007 ta
008 220923b |||||||| |||| 00| 0 eng d
020 _a0671865196
037 _cGeneral Book
040 _aRTL
_cRTL
_beng
041 _2eng
_aeng
082 _aX:514-8, N5
100 _aTracy Brian
_9324894
245 0 _aAdvanced selling strategies
_b The proven system of sales ideas, methods and technique
260 _aNew York
_bSimon and Schuster
_c1995
300 _a429p
_ccm.
650 _aSalesmanship
_9229886
942 _hX:514-8, N5
_cGB
_2CC
999 _c634790
_d634790